000 00557nam a2200205Ia 4500
005 20250923145405.0
008 008 250917s9999 xx 000 0 eng d
037 _aTextual
040 _aDSWL
_beng
_cDSWL
041 _aeng
_2eng
084 _az2, N63
_qDSWL
100 _aPanikkar, K.M.
_9834804
245 0 _aFoundation of new India
_c by K.M. Panikkar
260 _aLondon
_bGeorge Allen & Unwin
_c1963
300 _a259 p.
365 _aINR
_b25 . 0
925 _g25 . 0
942 _cTEXL
_hz2, N63
999 _c1450795
_d1450795